Životný cyklus podniku - fáza rastu

Modely životného cyklu podniku. Fázy životného cyklu podniku podľa rastového indikátora. Fáza rastu podniku, hodnotenie fázy rastu, modely rastu.

Guardado en:
Detalles Bibliográficos
Autor principal: Hlaváčiková, Jana
Formato: Capítulo de libro
Lenguaje:eslovaco
Materias:
Etiquetas: Agregar Etiqueta
Sin Etiquetas, Sea el primero en etiquetar este registro!

MARC

LEADER 00000nla a2200000 4500
001 0201647
005 20240502073410.2
041 0 |a slo 
044 |a SK 
245 1 0 |a Životný cyklus podniku - fáza rastu  |c Jana Hlaváčiková 
520 |a Modely životného cyklu podniku. Fázy životného cyklu podniku podľa rastového indikátora. Fáza rastu podniku, hodnotenie fázy rastu, modely rastu. 
610 2 0 |a podnik 
610 2 0 |a cyklus podniku životný 
610 2 0 |a rast podniku 
100 1 |a Hlaváčiková, Jana